|
|
|
|
| LEADER |
00856pam a22002538a 4500 |
| 001 |
00022350 |
| 005 |
20171026081022.0 |
| 008 |
110530s2000 ||||||Viesd |
| 020 |
|
|
|c 11000
|
| 041 |
0 |
# |
|a Vie
|
| 082 |
1 |
4 |
|a 006.6
|b B103GI
|
| 100 |
0 |
# |
|a Dương Anh Đức
|
| 245 |
0 |
0 |
|a Bài giảng đồ họa máy tính
|c Dương Anh Đức, Lê Đình Huy
|
| 260 |
# |
# |
|a Tp. Hồ Chí Minh
|b Nxb Tp. Hồ Chí Minh
|c 2000
|
| 300 |
# |
# |
|a 164 tr.
|c 20 cm.
|
| 653 |
# |
# |
|a Tin học
|
| 653 |
# |
# |
|a Đồ họa máy tính
|
| 700 |
0 |
# |
|a Lê Đình Huy
|
| 852 |
# |
# |
|b Kho giáo trình
|j KGT.0033506
|
| 852 |
# |
# |
|b Kho mượn
|j KGT.0033506
|
| 852 |
# |
# |
|b Kho đọc
|j KD.0009066
|
| 852 |
# |
# |
|j KD.0009066
|j KGT.0033506
|
| 910 |
0 |
# |
|a Đức
|d 30/05/2011
|
| 980 |
# |
# |
|a Trung tâm Học liệu Lê Vũ Hùng, Trường Đại học Đồng Tháp
|